000 00581nam a2200169 i 4500
001 94543
003 ES-MaACL
005 20230906181514.0
007 t|
008 050506s1914 mx ||||1| spa d
100 1 _aLoria, Francisco.
_974207
245 1 0 _aLo que ha sido y debe ser la política ferrocarilera de México /
_cpor Francisco Loria; con introdución de D. Carlos Basave y del Castillo Negrete.
260 _aMéxico :
_bTipo. económica,
_c1914.
300 _a147 p. ;
_c18 cm.
700 1 _aBasave y del Castillo Negrete, Carlos.
_926255
852 _aES-MaACL
_jG-1324
999 _c94543
_d94543